[Event "GER T246-C90-S email"]
[Site "GER email"]
[Date "2016.12.24"]
[Round "?"]
[White "Locher, Helmut"]
[Black "Bennewitz, Bernhard"]
[Result "1/2-1/2"]
[WhiteElo "1653"]
[BlackElo "1881"]
[PlyCount "46"]
[EventDate "2016.12.29"]
[EventType "tourn (corr)"]
[EventRounds "8"]
[EventCountry "GER"]
[SourceTitle "Corr 2020"]
[Source "ChessBase"]
[SourceDate "2019.09.30"]
[SourceVersion "1"]
[SourceVersionDate "2019.09.30"]
[SourceQuality "1"]

1. e4 e5 2. Nf3 Nc6 3. Bb5 a6 4. Ba4 Nf6 5. 0-0 Be7 6. Re1 b5 7. Bb3 d6 8. c3 0-0 9. d3 Na5 10. Bc2 c5 11. Nbd2 Re8 12. Nf1 Bb7 13. Ng3 Bf8 14. d4 Qc7 15. d5 Bc8 16. h3 Bd7 17. Nh4 g6 18. Bg5 Bg7 19. b3 Rec8 20. Qc1 c4 21. b4 Nb7 22. Bh6 Qd8 23. Bxg7 Kxg7 1/2-1/2

[Event "GER AK-1886 email"]
[Site "GER email"]
[Date "2016.12.23"]
[Round "?"]
[White "Locher, Helmut"]
[Black "Mark, Thomas"]
[Result "1/2-1/2"]
[WhiteElo "1653"]
[BlackElo "1151"]
[PlyCount "46"]
[EventDate "2016.12.29"]
[EventType "tourn (corr)"]
[EventRounds "6"]
[EventCountry "GER"]
[SourceTitle "Corr 2020"]
[Source "ChessBase"]
[SourceDate "2019.09.30"]
[SourceVersion "1"]
[SourceVersionDate "2019.09.30"]
[SourceQuality "1"]

1. c4 c5 2. Nc3 Nc6 3. g3 Nf6 4. Bg2 g6 5. a3 Bg7 6. Rb1 a6 7. b4 cxb4 8. axb4 0-0 9. e3 Rb8 10. b5 axb5 11. Nxb5 d5 12. cxd5 Nxd5 13. Ba3 Be6 14. Ne2 Qa5 15. Bb2 Bxb2 16. Rxb2 Ndb4 17. 0-0 Qxb5 18. d4 Qc4 19. Qd2 Qd3 20. Qc1 Qa3 21. Qd2 Qd3 22. Qc1 Qc4 23. Qd2 Qd3 1/2-1/2

[Event "GER AK-1831 email"]
[Site "GER email"]
[Date "2013.01.10"]
[Round "?"]
[White "Duchene, Klaus"]
[Black "Locher, Helmut"]
[Result "0-1"]
[WhiteElo "1703"]
[BlackElo "1663"]
[PlyCount "74"]
[EventDate "2013.01.28"]
[EventType "tourn (corr)"]
[EventRounds "6"]
[EventCountry "GER"]
[SourceTitle "Corr 2015"]
[Source "ChessBase"]
[SourceDate "2015.07.17"]
[SourceVersion "1"]
[SourceVersionDate "2015.07.17"]
[SourceQuality "1"]

1. c4 Nf6 2. g3 g6 3. Bg2 Bg7 4. Nc3 0-0 5. e3 d6 6. Nge2 e5 7. 0-0 Nc6 8. d4 exd4 9. exd4 Bg4 10. f3 Bc8 11. Be3 d5 12. cxd5 Nxd5 13. Nxd5 Qxd5 14. f4 Qb5 15. b3 Bg4 16. Bf3 Bxf3 17. Rxf3 Rad8 18. Rc1 Qh5 19. Kg2 Rfe8 20. Bf2 Rd6 21. Rc5 Rd5 22. Rxd5 Qxd5 23. Nc3 Qd7 24. a3 Rd8 25. d5 Bxc3 26. Rxc3 Qxd5+ 27. Qxd5 Rxd5 28. b4 a6 29. Rb3 Nd8 30. Rc3 Ne6 31. a4 c6 32. Bb6 Rd2+ 33. Kh3 Ra2 34. a5 Rb2 35. Rc4 Kf8 36. Bc5+ Nxc5 37. bxc5 Rb5 0-1

[Event "GER AK-1831 email"]
[Site "GER email"]
[Date "2013.01.10"]
[Round "?"]
[White "Locher, Helmut"]
[Black "Werner, Guenter"]
[Result "1/2-1/2"]
[WhiteElo "1663"]
[BlackElo "1628"]
[PlyCount "34"]
[EventDate "2013.01.28"]
[EventType "tourn (corr)"]
[EventRounds "6"]
[EventCountry "GER"]
[SourceTitle "Corr 2015"]
[Source "ChessBase"]
[SourceDate "2015.07.17"]
[SourceVersion "1"]
[SourceVersionDate "2015.07.17"]
[SourceQuality "1"]

1. e4 e5 2. Nf3 Nc6 3. Bb5 a6 4. Ba4 b5 5. Bb3 Nf6 6. 0-0 Bc5 7. Nxe5 Nxe5 8. d4 Bxd4 9. Qxd4 d6 10. Bg5 c5 11. Bxf6 Qxf6 12. Qd5 Ra7 13. c3 Bb7 14. Qd1 Bxe4 15. Nd2 Bd3 16. Re1 0-0 17. Bc2 Bxc2 1/2-1/2

[Event "GER AK-1825 email"]
[Site "GER email"]
[Date "2012.09.19"]
[Round "?"]
[White "Schuster, Klaus Dieter"]
[Black "Locher, Helmut"]
[Result "1-0"]
[WhiteElo "1498"]
[BlackElo "1663"]
[PlyCount "55"]
[EventDate "2012.09.20"]
[EventType "tourn (corr)"]
[EventRounds "6"]
[EventCountry "GER"]
[SourceTitle "Corr 2015"]
[Source "ChessBase"]
[SourceDate "2015.07.17"]
[SourceVersion "1"]
[SourceVersionDate "2015.07.17"]
[SourceQuality "1"]

1. e4 d6 2. Nf3 Nf6 3. Nc3 g6 4. d4 Bg7 5. Bb5+ c6 6. Be2 b5 7. a3 Bb7 8. e5 dxe5 9. dxe5 Qxd1+ 10. Bxd1 Ng4 11. e6 h6 12. exf7+ Kxf7 13. Ng5+ hxg5 14. Bxg4 Bxc3+ 15. bxc3 c5 16. 0-0 Be4 17. Bxg5 Nc6 18. Rfe1 Bd5 19. Bd7 e6 20. Rad1 Rh5 21. Rxd5 exd5 22. Bxc6 Rah8 23. Bxd5+ Kf8 24. h4 Rxh4 25. Be7+ Kg7 26. Bxh4 Rxh4 27. Re7+ Kf6 28. Rxa7 1-0

[Event "GER S3 G2 enginefrei email"]
[Site "GER email"]
[Date "2008.??.??"]
[Round "?"]
[White "Locher, Helmut"]
[Black "Scholz, Guenter"]
[Result "1-0"]
[WhiteElo "1657"]
[BlackElo "1808"]
[PlyCount "91"]
[EventDate "2008.??.??"]
[EventType "tourn (corr)"]
[EventRounds "6"]
[EventCountry "GER"]
[SourceTitle "Corr 2011"]
[Source "ChessBase"]
[SourceDate "2010.08.31"]
[SourceVersion "1"]
[SourceVersionDate "2010.08.31"]
[SourceQuality "1"]

1. e4 e5 2. Nf3 Nc6 3. Bb5 a5 4. 0-0 Na7 5. Bc4 b5 6. Bxf7+ Kxf7 7. Nxe5+ Ke7 8. d4 d6 9. Nd3 Nf6 10. Bg5 h6 11. Bh4 g5 12. Bg3 Bg7 13. Nd2 Bb7 14. Re1 Re8 15. e5 dxe5 16. dxe5 Ng8 17. f4 Qd5 18. Qe2 Nc6 19. Nf3 Nd4 20. Nxd4 Qxd4+ 21. Bf2 Qd5 22. Bc5+ Kd8 23. Rad1 Kc8 24. Qg4+ Kb8 25. Bf2 Bc8 26. Qg3 Qxa2 27. fxg5 Qf7 28. Nc5 hxg5 29. e6 Qf5 30. Qb3 c6 31. Bg3+ Ka7 32. Qe3 Bf8 33. Nd7+ c5 34. Qb3 Ba6 35. Nxf8 Rxf8 36. Rd7+ Kb6 37. Bc7+ Kc6 38. Qg3 b4 39. Qd6+ Kb5 40. Qb6+ Kc4 41. Rd2 Ne7 42. Rde2 Ng6 43. Qd6 Qxc2 44. Rxc2+ Kb3 45. Qd1 Ka2 46. b3+ 1-0